| 000 | 00327pam a2200121 a 4500 | ||
|---|---|---|---|
| 020 |
_a9-780521-427906 _c |
||
| 040 | _aGOAU_403206 | ||
| 041 | _aeng | ||
| 100 | _aWood, Elizabeth M | ||
| 245 |
_aSubtidal Ecology _bNew Studies in Biology _hTextual Documents |
||
| 260 |
_aLondon _bEdward Arnold Publishers Ltd _c1987 |
||
| 930 | _a5226 | ||
| 999 |
_c82142 _d82142 |
||